| 000 | 00946nam a22002297a 4500 | ||
|---|---|---|---|
| 999 |
_c13105 _d13105 |
||
| 003 | AR-CdUCM | ||
| 008 | 190411b ||||| |||| 00| 0 spa d | ||
| 020 | _a84-249-0171-1 | ||
| 040 |
_aMUNICIPALIDAD PROVINCIAL DEL CUSCO _cBIBLIOTECA MUNICIPAL DEL CUSCO |
||
| 082 |
_a801.08 / _bC29 |
||
| 100 |
_aCarreño, Antonio _931303 |
||
| 245 |
_aLa dialéctica de la identidad en la poesía contemporánea : _bLa persona, la máscara / |
||
| 260 |
_aMadrid : _bGredos, _c1982. |
||
| 300 |
_a254 páginas ; _c20 cm. |
||
| 440 |
_aBiblioteca Románica Hispánica, estudios y ensayos II. _n317 _931304 |
||
| 505 | _aContenido: La persona, la mascara -- Trayectoria y variantes -- La retórica de la mascara -- Miguel de Unamuno, la búsqueda mítica del otro -- La persona como otredad, Antonio Machado ... | ||
| 650 |
_aLiteratura _983 |
||
| 650 |
_aRetórica _912108 |
||
| 650 |
_aParodias _931305 |
||
| 942 |
_2ddc _cLIBROS |
||
| 945 |
_aachl _d2019-04-11 |
||